000 00687nam a2200241Ia 4500
003 OSt
005 20220924144344.0
006 a|||||r|||| 00| 0
007 ta
008 220923b |||||||| |||| 00| 0 urd d
024 _a313857
037 _cTextual
040 _aARTS
_cARTS
_burd
041 _2urd
_aurd
082 _aO168,1M95x, M2
100 _aShadeed Sayed Sajjiad Hussain
_9217518
245 0 _aRazm namah-e-Shadeed
260 _c1982
650 _aURDU POETRY
700 _a Naqvi Sayed Sabt Hussain Ed.
_9217519
942 _hO168,1M95x, M2
_cTEXL
_2CC
999 _c456846
_d456846